[Event "Challenge"]
[Site "http://www.queenalice.com/game.php?id=845384"]
[Date "2010.10.13"]
[Round "-"]
[White "victorsoladana"]
[Black "bubu52"]
[Result "0-1"]
[WhiteElo "1376"]
[BlackElo "1766"]

1. d3 d5 2. Nc3 Nf6 3. Nb5 e6 4. Bf4 Na6 5. e3 Bd7 6. Qd2 Bxb5 7. O-O-O Nh5 8.
Be2 Nxf4 9. exf4 Bb4 10. c3 Bd6 11. Nf3 Qf6 12. g3 O-O 13. d4 c6 14. Ne5 Bxe5
15. dxe5 Qe7 16. b4 Bxe2 17. Qxe2 c5 18. f5 cxb4 19. g4 Rac8 20. Kd2 bxc3+ 21.
Kc2 Qa3 22. Kd3 c2+ 23. Kd2 Qc3+ 24. Kc1 cxd1=Q+ 25. Kxd1 Qc1# 0-1

[Event "Challenge"]
[Site "http://www.queenalice.com/game.php?id=846122"]
[Date "2010.10.15"]
[Round "-"]
[White "victorsoladana"]
[Black "yeye2"]
[Result "0-1"]
[WhiteElo "1468"]
[BlackElo "1451"]

1. d3 e5 2. Nf3 Nc6 3. e4 b6 4. Bg5 f6 5. Bh4 Qe7 6. Nc3 Qb4 7. Qd2 Qxb2 8. Rd1
Bb4 9. Rb1 Qxc3 10. Rxb4 Qxd2+ 11. Nxd2 Nxb4 12. c3 Nxa2 13. d4 Nxc3 14. dxe5
fxe5 15. Bb5 Nxb5 0-1

[Event "Challenge"]
[Site "http://www.queenalice.com/game.php?id=846446"]
[Date "2010.10.15"]
[Round "-"]
[White "OnlyJoking"]
[Black "victorsoladana"]
[Result "1-0"]
[WhiteElo "1490"]
[BlackElo "1399"]

1. e4 Nf6 2. Nc3 e6 3. d4 d5 4. Bg5 Be7 5. e5 Ne4 6. Nxe4 Bxg5 7. Nxg5 Qxg5 8.
Nf3 Qf5 9. Bd3 Qf4 10. g3 Qh6 11. Qd2 Nc6 12. Qxh6 gxh6 13. Bb5 Bd7 14. Bxc6
Bxc6 15. Nd2 O-O-O 16. O-O Ba4 17. b3 Bb5 18. Rfc1 h5 19. Nf3 Rhf8 20. h4 f6 21.
Re1 f5 22. Ng5 Rde8 23. Nxh7 Rh8 24. Nf6 Ref8 25. a4 Ba6 26. f4 b6 27. Rec1 Rf7
28. b4 Rg7 29. Kf2 Kd8 30. b5 Bc8 31. a5 a6 32. bxa6 bxa5 33. a7 Bb7 34. Rcb1
Bc6 35. Rb8+ 1-0

[Event "Challenge"]
[Site "http://www.queenalice.com/game.php?id=846871"]
[Date "2010.10.16"]
[Round "-"]
[White "pokemon"]
[Black "victorsoladana"]
[Result "1-0"]
[WhiteElo "1413"]
[BlackElo "1344"]

1. d4 d5 2. e3 Nf6 3. Nf3 Bg4 4. Bd3 Ne4 5. Nbd2 f5 6. c3 g5 7. Qa4+ Nc6 8. Bxe4
fxe4 9. Nxg5 Qd7 10. f3 Bf5 11. fxe4 dxe4 12. Ndxe4 Bh6 13. Nc5 Qd6 14. Nge4 Qd5
15. Qc2 O-O-O 16. g4 Bxg4 17. Bd2 Bf3 18. Rf1 Rhf8 19. Ng3 Bg2 20. Rxf8 Rxf8 21.
O-O-O b6 22. Nb3 Rf2 23. Qd3 e5 24. Qxh7 Qe6 25. Qd3 Qh3 26. d5 Nd8 27. Ne4 Rf3
28. d6 Qd7 29. Kb1 Ne6 30. Qe2 Qg7 31. Rg1 Rg3 32. Nxg3 Bd5 33. Nc1 cxd6 34. e4
Nf4 35. Qa6+ Bb7 36. Qc4+ Qc7 37. Qxc7+ Kxc7 38. Bxf4 exf4 39. Nf5 Bxe4+ 40. Ka1
Bxf5 41. Nb3 f3 42. Rf1 Be4 43. Nd4 Be3 44. Nxf3 Bxf3 45. Rxf3 Bg1 46. h4 Kc6
47. h5 Bh2 48. Rf7 a5 49. h6 Be5 50. h7 b5 51. Kb1 d5 52. Re7 Bf6 53. Re6+ 1-0

[Event "ACCEPT GAME XIV"]
[Site "http://www.queenalice.com/game.php?id=846932"]
[Date "2010.10.17"]
[Round "-"]
[White "perucona"]
[Black "victorsoladana"]
[Result "1-0"]
[WhiteElo "1291"]
[BlackElo "1338"]

1. e4 Nf6 2. e5 Nd5 3. c4 Nb6 4. c5 Nd5 5. Nc3 Nxc3 6. bxc3 e6 7. Nf3 Bxc5 8.
Qe2 d6 9. d4 Bb6 10. Bg5 f6 11. exf6 gxf6 12. Bd2 d5 13. O-O-O a5 14. Nh4 f5 15.
f3 Qxh4 16. g3 Qf6 17. Bh3 Bd7 18. g4 Ba4 19. Rde1 f4 20. Rhg1 Nc6 21. g5 Qe7
22. Qxe6 Qxe6 23. Rxe6+ Ne7 24. Rge1 O-O 25. Rxe7 Rae8 26. Rxe8 Rxe8 27. Rxe8+
Bxe8 28. Bxf4 a4 29. a3 c5 30. dxc5 Bxc5 31. Kb2 d4 32. cxd4 1-0

[Event "Challenge"]
[Site "http://www.queenalice.com/game.php?id=851687"]
[Date "2010.10.28"]
[Round "-"]
[White "victorsoladana"]
[Black "yeye2"]
[Result "0-1"]
[WhiteElo "1360"]
[BlackElo "1499"]

1. c3 d5 2. d4 Bf5 3. Na3 Qd7 4. Bf4 e6 5. e3 Bxa3 6. Qb3 Bxb2 7. Qxb2 b6 8. Bb5
c6 9. Ba4 Nf6 10. Nf3 b5 11. Bc2 Bg4 12. Ne5 Qe7 13. Qb4 h6 14. Bg6 Qxb4 15.
Bxf7+ Kd8 16. cxb4 g5 17. f3 gxf4 18. fxg4 fxe3 19. Bxe6 a5 20. Bd7 Nbxd7 21.
Nxc6+ Kc7 22. Nxa5 Nxg4 23. O-O Rhf8 24. Rf3 Rae8 25. Nb3 e2 26. Re1 h5 27. Nd2
Rxf3 28. gxf3 Ngf6 29. Ne4 dxe4 30. Rc1+ Kd6 0-1

[Event "Challenge"]
[Site "http://www.queenalice.com/game.php?id=852073"]
[Date "2010.10.29"]
[Round "-"]
[White "victorsoladana"]
[Black "shatranj"]
[Result "1-0"]
[WhiteElo "1311"]
[BlackElo "1306"]

1. d3 d5 2. Nf3 Nc6 3. e3 Nf6 4. d4 Ne4 5. Ne5 Ng5 6. Nc3 Nb4 7. Qh5 g6 8. Qxg5
Be6 9. Bb5+ c6 10. Ba4 f6 11. Qg3 Bf5 12. Nd3 Qd6 13. O-O Qe6 14. Nxb4 Bh6 15.
Nbxd5 Rc8 16. Re1 b5 17. Bb3 cxd5 18. Bxd5 Qa6 19. a4 bxa4 20. Rxa4 Qb6 21. b3
Rxc3 22. Re2 Qb5 23. Qf3 Bxc2 24. Rxa7 Bd1 25. Ra8+ Kd7 26. Bc4 Qb4 27. Qd5+ Kc7
28. Ba3 Qxa3 29. Rxa3 Rc1 30. Re1 Rd8 31. Ra7+ Kb6 32. Qb7# 1-0

[Event "Challenge"]
[Site "http://www.queenalice.com/game.php?id=854106"]
[Date "2010.11.3"]
[Round "-"]
[White "victorsoladana"]
[Black "shatranj"]
[Result "1-0"]
[WhiteElo "1338"]
[BlackElo "1300"]

1. d4 d5 2. e3 Nc6 3. Nc3 Nf6 4. Nf3 Bf5 5. Ne5 Be6 6. Bb5 Ng4 7. O-O Qd6 8.
Nxg4 O-O-O 9. Re1 f5 10. Ne5 Na5 11. e4 g6 12. exf5 Bxf5 13. g4 Qe6 14. Nc4 Qf6
15. Nxa5 Be6 16. g5 Qf5 17. f4 c6 18. Ba4 Bg7 19. h4 h6 20. gxh6 Rxh6 21. Qd3
Qg4+ 22. Kf2 Rxh4 23. Rg1 Rh2+ 24. Kf1 Rdh8 25. Rxg4 Bxg4 26. Qg3 Bh3+ 27. Ke1
Rh1+ 28. Ke2 Bf1+ 29. Kd2 Bxd4 30. Qf3 R8h2+ 31. Ne2 Bxe2 32. Qxe2 Rf2 33. Nb3
Rd1+ 34. Kxd1 e5 35. Qe1 exf4 36. Nxd4 Rg2 37. Bxf4 Rg4 38. Qe8# 1-0

[Event "Challenge"]
[Site "http://www.queenalice.com/game.php?id=854979"]
[Date "2010.11.5"]
[Round "-"]
[White "victorsoladana"]
[Black "Cosette"]
[Result "0-1"]
[WhiteElo "1334"]
[BlackElo "1479"]

1. d4 e6 2. Nf3 Nc6 3. Nc3 Nf6 4. Bg5 Bb4 5. e3 Na5 6. Bb5 a6 7. Ba4 b5 8. Bb3
h6 9. Bh4 g5 10. Bg3 Ne4 11. O-O Nxc3 12. Qd2 Ne4 13. Qxb4 Nc6 14. Qe1 g4 15.
Ne5 Nxe5 16. dxe5 Bb7 17. f3 gxf3 18. gxf3 Ng5 19. f4 Nh3# 0-1

[Event "Challenge"]
[Site "http://www.queenalice.com/game.php?id=857052"]
[Date "2010.11.10"]
[Round "-"]
[White "victorsoladana"]
[Black "yeye2"]
[Result "0-1"]
[WhiteElo "1318"]
[BlackElo "1511"]

1. c3 d5 2. d4 Bf5 3. Nd2 Nc6 4. Ngf3 Qd6 5. Ng5 O-O-O 6. Nb3 Nh6 7. f4 f6 8.
Nf3 Qe6 9. Nc5 Qd6 10. b4 b6 11. Na6 Qe6 12. e3 Ng4 13. Bd3 Nxe3 14. Bxe3 Qxe3+
15. Qe2 Qxd3 16. Qxd3 Bxd3 17. O-O-O Bxa6 18. a4 Bc4 19. b5 Na5 20. Kc2 Rg8 21.
Nd2 e6 22. Rhe1 Re8 23. f5 Kd7 24. Re3 exf5 25. Rxe8 Kxe8 26. Re1+ Kd8 27. Nf1
Bxf1 28. Rxf1 g6 29. Kd3 c5 30. dxc5 bxc5 31. Rb1 Bh6 32. b6 axb6 33. Rxb6 Kc7
34. Rb5 Nb7 35. a5 Ra8 36. c4 Rxa5 37. Rxa5 Nxa5 38. cxd5 Kd6 0-1

[Event "Challenge"]
[Site "http://www.queenalice.com/game.php?id=858273"]
[Date "2010.11.12"]
[Round "-"]
[White "Cosette"]
[Black "victorsoladana"]
[Result "1-0"]
[WhiteElo "1494"]
[BlackElo "1360"]

1. e4 Nf6 2. d3 e5 3. Nf3 d6 4. Nc3 h5 5. h4 Bg4 6. Be2 Nc6 7. Ng5 Qe7 8. Nd5
Qd7 9. Bxg4 Nxg4 10. f3 Nh6 11. Be3 O-O-O 12. b4 Nd4 13. Bxd4 exd4 14. c4 f6 15.
Nh3 Be7 16. b5 c6 17. bxc6 Qxc6 18. Nxe7+ Kc7 19. Nxc6 bxc6 20. O-O f5 21. e5
dxe5 22. Rb1 g6 23. Ng5 Rhe8 24. Qa4 Ra8 25. Qa5+ Kd7 26. Rb7+ Kd6 27. Qc7+ Kc5
28. Re1 a5 29. Qb6+ Kd6 30. Qc7+ Kc5 31. Rb5# 1-0

[Event "Challenge"]
[Site "http://www.queenalice.com/game.php?id=858657"]
[Date "2010.11.14"]
[Round "-"]
[White "victorsoladana"]
[Black "Cosette"]
[Result "1-0"]
[WhiteElo "1345"]
[BlackElo "1505"]

1. d4 e6 2. Nf3 Nf6 3. Bg5 Be7 4. e3 Ng4 5. h4 f6 6. Bf4 Nc6 7. Nc3 f5 8. Ne5
Ncxe5 9. dxe5 Bb4 10. Qd4 Bxc3+ 11. Qxc3 h6 12. f3 Nxe3 13. Bxe3 b6 14. g3 d5
15. exd6 Qxd6 16. Bf4 e5 17. Be3 Be6 18. Rd1 Bd5 19. Bg2 Rd8 20. Kf2 g5 21. f4
gxf4 22. gxf4 exf4 23. Qxh8+ Ke7 24. Qh7+ Ke8 25. Rxd5 Qf8 26. Bxf4 c6 27. Re1+
1-0

[Event "Espanha"]
[Site "http://www.queenalice.com/game.php?id=860723"]
[Date "2010.11.19"]
[Round "-"]
[White "PioDeCuritiba"]
[Black "victorsoladana"]
[Result "1-0"]
[WhiteElo "1468"]
[BlackElo "1375"]

1. c4 c5 2. Nc3 Na6 3. g3 e5 4. Bg2 Qf6 5. b3 d6 6. e4 Nb4 7. d3 Be7 8. a3 Nc6
9. Nf3 Nh6 10. Be3 Ng4 11. O-O Nd4 12. Bxd4 exd4 13. Ne2 Qh6 14. h3 Ne5 15. h4
Bg4 16. Nxe5 dxe5 17. f3 Bh5 18. Kh2 O-O 19. Bh3 f6 20. Qc1 Qxc1 21. Raxc1 b6
22. Be6+ Bf7 23. Bd5 Bxd5 24. cxd5 h5 25. f4 g6 26. a4 a5 27. Kh3 Kg7 28. f5 g5
29. g4 Kh6 30. Ng3 gxh4 31. Nxh5 Rg8 32. Kxh4 Rg5 33. Rh1 Rh8 34. Rc2 Rhg8 35.
Rg2 Rh8 36. Rgh2 Rhg8 37. Kg3 Rxg4+ 38. Kf3 Kg5 39. Ng3 Rf4+ 40. Ke2 Kg4 41. Nh5
Rf3 42. Rg2+ Rg3 43. Rxg3# 1-0

[Event "Challenge"]
[Site "http://www.queenalice.com/game.php?id=860971"]
[Date "2010.11.19"]
[Round "-"]
[White "kleberrocha"]
[Black "victorsoladana"]
[Result "0-1"]
[WhiteElo "1416"]
[BlackElo "1304"]

1. g4 d5 2. g5 f6 3. f4 e5 4. e3 Bf5 5. b3 Qd7 6. Nc3 d4 7. Bb5 Nc6 8. exd4 Qxd4
9. Qh5+ Bg6 10. Qg4 Be4 11. Qe6+ Ne7 12. Nd5 Bxd5 13. Ne2 Qxa1 14. Qg4 Bxh1 15.
Bc4 Nd5 16. Bxd5 Bxd5 17. Qh5+ g6 18. Qg4 Nd4 19. Nc3 c6 20. b4 Qxc1+ 21. Kf2
Qxd2+ 22. Kg3 Qxc3+ 0-1

[Event "Challenge"]
[Site "http://www.queenalice.com/game.php?id=863030"]
[Date "2010.11.23"]
[Round "-"]
[White "yeye2"]
[Black "victorsoladana"]
[Result "1-0"]
[WhiteElo "1591"]
[BlackElo "1360"]

1. e4 e5 2. Qh5 d6 3. Nf3 Nf6 4. Qh4 c6 5. d3 Be7 6. Qg3 Nh5 7. Qh3 Bxh3 8. gxh3
O-O 9. Nc3 Qa5 10. Rg1 b5 11. Bd2 Qb6 12. Be2 Bh4 13. Nxh4 Na6 14. Bxh5 Qd8 15.
Bg5 f6 16. Bh6 f5 17. Rxg7+ Kh8 18. Nxf5 Nc7 19. O-O-O Ne6 20. Rdg1 Nxg7 21.
Bxg7+ Kg8 22. Bf6# 1-0

[Event "Challenge"]
[Site "http://www.queenalice.com/game.php?id=867338"]
[Date "2010.12.3"]
[Round "-"]
[White "Cosette"]
[Black "victorsoladana"]
[Result "1-0"]
[WhiteElo "1469"]
[BlackElo "1339"]

1. e4 Nf6 2. e5 Nh5 3. Qxh5 g6 4. Qd1 e6 5. Nc3 Nc6 6. Bc4 Nxe5 7. Bb3 d5 8. d4
Nc4 9. Nf3 Bg7 10. Ba4+ c6 11. O-O O-O 12. Ng5 b5 13. Bb3 Bh6 14. Bxc4 dxc4 15.
Nce4 f5 16. Ng3 Qd5 17. Nf3 g5 18. Nh5 Qd8 19. Ne5 f4 20. Ng4 Bg7 21. Qe1 Qxd4
22. g3 e5 23. gxf4 Bxg4 24. Nxg7 Kxg7 25. Qxe5+ Qxe5 26. fxe5 Kg6 27. b4 cxb3
28. axb3 Rf4 29. Bxf4 gxf4 30. f3 Bh3 31. Rfe1 Kf5 32. Rad1 h5 33. e6 1-0

[Event "Challenge"]
[Site "http://www.queenalice.com/game.php?id=867341"]
[Date "2010.12.3"]
[Round "-"]
[White "victorsoladana"]
[Black "Cosette"]
[Result "0-1"]
[WhiteElo "1352"]
[BlackElo "1457"]

1. d3 e5 2. Nf3 Nc6 3. Bg5 Be7 4. Qd2 h6 5. Bxe7 Qxe7 6. e4 Nf6 7. c4 Nb4 8. a3
Nc6 9. Nc3 Ng4 10. Nd5 Qd8 11. b4 f6 12. b5 Ne7 13. Be2 Nxd5 14. cxd5 d6 15. Nh4
Bd7 16. Rb1 b6 17. O-O h5 18. h3 Nh6 19. Bxh5+ Ke7 20. Ng6+ Kf7 21. Nxh8+ Kg8
22. Ng6 Be8 23. d4 Bf7 24. dxe5 fxe5 25. Qe2 Qe8 26. g4 Bxg6 27. Bxg6 Qxg6 28.
Rbc1 c5 29. bxc6 Qf6 30. Qe3 Qe7 31. g5 Nf7 32. h4 g6 33. c7 Rc8 0-1

[Event "Challenge"]
[Site "http://www.queenalice.com/game.php?id=867447"]
[Date "2010.12.4"]
[Round "-"]
[White "shimrah"]
[Black "victorsoladana"]
[Result "0-1"]
[WhiteElo "1385"]
[BlackElo "1339"]

1. e4 Nf6 2. d3 e5 3. f4 d6 4. Nc3 Nc6 5. Nf3 Ng4 6. Qd2 Nd4 7. Nxd4 exd4 8. Ne2
c5 9. h3 Ne3 10. f5 Bd7 11. Nf4 Ba4 12. Nd5 Nxc2+ 13. Kf2 Nxa1 14. b3 Bc6 15.
Qb2 Nxb3 16. Qxb3 b5 17. g4 Be7 18. a4 Bh4+ 19. Ke2 Qa5 20. Bd2 Qxa4 21. Nc7+
Kd7 22. Qxf7+ Be7 23. Nxa8 Rxa8 24. f6 gxf6 25. g5 Rf8 26. Qxh7 fxg5 27. h4 c4
28. hxg5 cxd3+ 29. Kxd3 Qc4# 0-1

[Event "Espanha"]
[Site "http://www.queenalice.com/game.php?id=871607"]
[Date "2010.12.14"]
[Round "-"]
[White "victorsoladana"]
[Black "PioDeCuritiba"]
[Result "1-0"]
[WhiteElo "1320"]
[BlackElo "1519"]

1. d4 e6 2. e4 f5 3. exf5 exf5 4. Nh3 Nc6 5. Bg5 Be7 6. f4 d5 7. Nc3 Nf6 8. Qe2
Qd6 9. O-O-O Nb4 10. a3 Nc6 11. Nb5 Qd7 12. b4 a6 13. Nc3 O-O 14. Bxf6 Bxf6 15.
Qe3 Re8 16. Qf2 Nxd4 17. Rxd4 Bxd4 18. Qxd4 Re1+ 19. Kb2 c6 20. Qd2 Qe7 21. Nf2
h6 22. Bd3 Re6 23. Bxf5 Rf6 24. Re1 Qf7 25. Bxc8 Rxc8 26. Nh3 Re6 27. g4 Rce8
28. Rf1 Re2 29. Nxe2 Qe6 30. Re1 Qxg4 31. Neg1 Rc8 32. Nf2 Qxf4 33. Qxf4 1-0

[Event "Challenge"]
[Site "http://www.queenalice.com/game.php?id=885430"]
[Date "2011.1.13"]
[Round "-"]
[White "victorsoladana"]
[Black "yeye2"]
[Result "0-1"]
[WhiteElo "1327"]
[BlackElo "1574"]

1. c4 Nc6 2. e3 d6 3. Nc3 Bf5 4. d4 Nf6 5. d5 Nb4 6. Qb3 Nc2+ 7. Kd1 Nxa1 8. f3
Nxb3 9. e4 Nxc1 10. Kxc1 Bg6 11. g4 Rb8 12. g5 Nh5 13. Nh3 h6 0-1

[Event "Challenge"]
[Site "http://www.queenalice.com/game.php?id=887824"]
[Date "2011.1.18"]
[Round "-"]
[White "victorsoladana"]
[Black "yeye2"]
[Result "0-1"]
[WhiteElo "1344"]
[BlackElo "1624"]

1. d4 d5 2. e3 Nf6 3. g3 Nc6 4. Bh3 e6 5. c3 Qd6 6. Nf3 Ne4 7. O-O Rg8 8. Na3 g5
9. c4 g4 10. Nb5 Qe7 11. cxd5 exd5 12. Bxg4 Bxg4 13. Kg2 Ng5 14. h3 Bxf3+ 15.
Qxf3 Nxf3 16. Kxf3 O-O-O 17. h4 Qe4+ 18. Ke2 Kb8 19. Bd2 Qc2 20. Rab1 Qc4+ 21.
Kf3 Qxb5 22. b3 Qd3 23. Rfd1 Qc2 24. Ra1 Nb4 25. a3 Nd3 26. Rab1 Bxa3 27. Be1
Rd6 28. Ra1 Qxb3 29. Rab1 Rf6+ 30. Kg2 Nxe1+ 31. Rxe1 Qc2 32. Rf1 a5 33. Ra1 Bb4
34. Rab1 Rxf2+ 35. Kh3 Bd6 36. Rfc1 Rxg3# 0-1

[Event "Challenge"]
[Site "http://www.queenalice.com/game.php?id=903368"]
[Date "2011.2.21"]
[Round "-"]
[White "victorsoladana"]
[Black "yeye2"]
[Result "0-1"]
[WhiteElo "1357"]
[BlackElo "1624"]

1. e3 d5 2. Na3 e6 3. d4 c6 4. Bd2 Qb6 5. b4 Bd7 6. Rb1 a6 7. Nf3 Nf6 8. c3 Ne4
9. Be2 Nxd2 10. Kxd2 g6 11. c4 a5 12. c5 Qd8 13. Qa4 b5 14. Bxb5 cxb5 15. Nxb5
Nc6 16. Nd6+ Bxd6 17. cxd6 axb4 18. Qb5 Rxa2+ 19. Ke1 O-O 20. Ne5 Nxe5 21. Qxb4
Nd3+ 0-1

[Event "el touro"]
[Site "http://www.queenalice.com/game.php?id=903471"]
[Date "2011.2.21"]
[Round "-"]
[White "victorsoladana"]
[Black "hadestarcanos"]
[Result "0-1"]
[WhiteElo "1352"]
[BlackElo "1411"]

1. e3 Nf6 2. d4 e6 3. Nc3 b6 4. Qf3 d5 5. g4 Bb7 6. g5 Ne4 7. h4 Nc6 8. Nxe4
dxe4 9. Qxe4 Nxd4 10. Qxb7 Nxc2+ 11. Ke2 Nxa1 12. Nf3 Bc5 13. e4 O-O 14. Bf4 Bd6
15. Ke3 e5 16. Nxe5 Bxe5 17. Bxe5 Qd7 18. Bh3 Qe7 19. Bxc7 Nc2+ 20. Kf3 Nd4+ 21.
Ke3 Qc5 22. e5 Ne6+ 23. Ke2 Nxc7 24. Bg2 Qxe5+ 25. Be4 f5 26. Rc1 Qxb2+ 27. Kd1
fxe4 28. Rxc7 Rfd8+ 29. Ke1 Qd4 30. h5 Qd1# 0-1